[Event "Olympiad"]
[Site "Dresden GER"]
[Date "2008.11.22"]
[Round "9"]
[White "Zugic, Igor"]
[Black "Bogner, S."]
[Result "1/2-1/2"]
[WhiteElo "2457"]
[BlackElo "2448"]
[PlyCount "196"]
[EventDate "2008.11.13"]
[EventType "team"]
[EventRounds "11"]
[EventCountry "GER"]
[Source "Mark Crowther"]
[SourceDate "2008.11.24"]

1. e4 c5 2. Nf3 d6 3. d4 Nf6 4. Nc3 cxd4 5. Nxd4 a6 6. Be2 e5 7. Nb3 Be7 8. O-O
O-O 9. Re1 Be6 10. Bf3 Nbd7 11. a4 Qc7 12. a5 b5 13. axb6 Nxb6 14. Na5 Rfd8 15.
Be3 Nc4 16. Nxc4 Qxc4 17. Na4 Qc6 18. c4 Nd7 19. b3 Rdb8 20. Nc3 Bd8 21. Na4
Rb7 22. Qc2 Rab8 23. Ra3 Ba5 24. Rd1 Bb4 25. Raa1 h6 26. h3 Kf8 27. Ra2 Kg8 28.
Rda1 a5 29. Rd1 Qc7 30. Qd3 Kf8 31. Bg4 Ke7 32. Bxe6 fxe6 33. Qe2 Nf6 34. Rd3
Qc6 35. f3 Kf7 36. Kh2 Kg8 37. Ra1 Qc7 38. Kh1 Kh8 39. Qf2 Rf8 40. Qh4 Qf7 41.
Rad1 Kh7 42. Kh2 Rfb8 43. Qf2 Qg6 44. Qg3 Qh5 45. Ra1 Rd8 46. Rad1 d5 47. Nc5
Bxc5 48. Bxc5 Rc8 49. Bd6 dxe4 50. fxe4 Nxe4 51. Qe3 Qf5 52. Re1 Nxd6 53. Rxd6
Qf4+ 54. Qxf4 exf4 55. Rd3 Rc6 56. Re5 Ra6 57. c5 Kg6 58. g3 fxg3+ 59. Kxg3 Kf6
60. Re4 Rc6 61. Rf3+ Ke7 62. Ref4 Rd7 63. Rf7+ Kd8 64. Rxd7+ Kxd7 65. Rf7+ Ke8
66. Rxg7 Rxc5 67. Rb7 Rd5 68. Kf4 Kd8 69. h4 Rf5+ 70. Kg3 h5 71. b4 axb4 72.
Rxb4 Ke7 73. Ra4 Kf6 74. Ra8 Rb5 75. Rh8 Rb3+ 76. Kg2 Kg6 77. Rg8+ Kf5 78. Rg5+
Kf4 79. Rxh5 Rb2+ 80. Kh3 Rb3+ 81. Kg2 e5 82. Rh8 Rb2+ 83. Kh3 e4 84. Rf8+ Ke5
85. h5 e3 86. Kg3 Rb1 87. Re8+ Kd4 88. Kf3 Rf1+ 89. Ke2 Rf2+ 90. Ke1 Rh2 91.
Rd8+ Ke4 92. Re8+ Kf3 93. Rf8+ Ke4 94. Re8+ Kf5 95. Rxe3 Rxh5 96. Kf2 Rh4 97.
Rf3+ Rf4 98. Rxf4+ Ke5 1/2-1/2

[Event "Olympiad"]
[Site "Dresden GER"]
[Date "2008.11.15"]
[Round "3"]
[White "Zugic, Igor"]
[Black "Matthews, S."]
[Result "1-0"]
[WhiteElo "2457"]
[BlackElo "2179"]
[PlyCount "87"]
[EventDate "2008.11.13"]
[EventType "team"]
[EventRounds "11"]
[EventCountry "GER"]
[Source "Mark Crowther"]
[SourceDate "2008.11.17"]

1. Nf3 Nf6 2. c4 g6 3. g3 Bg7 4. Bg2 d6 5. d4 O-O 6. O-O Nbd7 7. Nc3 c6 8. h3
e5 9. e4 h6 10. Be3 Qe7 11. Nh2 Kh7 12. Re1 Ne8 13. f4 exf4 14. gxf4 Nb6 15. b3
Nc7 16. Nf3 Bd7 17. Bf2 Rad8 18. Qd2 Bc8 19. Rad1 Rfe8 20. a4 Qf8 21. d5 cxd5
22. cxd5 f5 23. a5 Nd7 24. Nh4 Qf6 25. Rc1 Nc5 26. Qd1 fxe4 27. Nxe4 Qxf4 28.
Bg3 Qf8 29. Nxc5 Rxe1+ 30. Qxe1 Bd4+ 31. Kh1 Bxc5 32. Rxc5 dxc5 33. Bxc7 Re8
34. Qg3 g5 35. Qd3+ Kg7 36. Qg6+ Kh8 37. Nf3 Bf5 38. Be5+ Rxe5 39. Nxe5 Bxg6
40. Nxg6+ Kg7 41. Nxf8 Kxf8 42. d6 b5 43. axb6 axb6 44. Bc6 1-0

[Event "Olympiad"]
[Site "Dresden GER"]
[Date "2008.11.16"]
[Round "4"]
[White "Zugic, Igor"]
[Black "Shaw, J."]
[Result "1/2-1/2"]
[WhiteElo "2457"]
[BlackElo "2469"]
[PlyCount "94"]
[EventDate "2008.11.13"]
[EventType "team"]
[EventRounds "11"]
[EventCountry "GER"]
[Source "Mark Crowther"]
[SourceDate "2008.11.17"]

1. d4 d5 2. c4 c6 3. e3 Bf5 4. Nc3 e6 5. g4 Bg6 6. h4 h5 7. g5 Nd7 8. Nge2 Bd6
9. Bg2 Ne7 10. e4 dxe4 11. Bxe4 Bxe4 12. Nxe4 Nf5 13. Nxd6+ Nxd6 14. Qc2 Qa5+
15. Bd2 Qf5 16. Qxf5 Nxf5 17. b3 O-O-O 18. O-O-O Nf8 19. Bc3 Ng6 20. d5 cxd5
21. cxd5 Rxd5 22. Rxd5 exd5 23. Ng3 Ngxh4 24. Bxg7 Nxg7 25. Rxh4 Kd7 26. Kd2
Ke6 27. f4 f6 28. gxf6 Kxf6 29. Kd3 Kg6 30. Kd4 Nf5+ 31. Nxf5 Kxf5 32. Kxd5
Rd8+ 33. Kc5 Kg6 34. Rh2 Kh6 35. b4 Rf8 36. Rh4 Rc8+ 37. Kd5 Rc2 38. a4 Rb2 39.
Kc5 Rc2+ 40. Kd5 b6 41. Rh1 Ra2 42. a5 bxa5 43. bxa5 Rxa5+ 44. Ke6 Ra6+ 45. Ke5
Rb6 46. f5 Rb5+ 47. Ke6 Rb6+ 1/2-1/2

[Event "Olympiad"]
[Site "Dresden GER"]
[Date "2008.11.25"]
[Round "11"]
[White "Zugic, Igor"]
[Black "Uribe, M."]
[Result "1-0"]
[WhiteElo "2457"]
[BlackElo "2414"]
[PlyCount "67"]
[EventDate "2008.11.13"]
[EventType "team"]
[EventRounds "11"]
[EventCountry "GER"]
[Source "Mark Crowther"]
[SourceDate "2008.12.01"]

1. d4 d5 2. c4 c6 3. Nf3 Nf6 4. e3 a6 5. Qc2 e6 6. Nbd2 Nbd7 7. b3 Bd6 8. Bb2
Qe7 9. Ne5 Ba3 10. Bxa3 Qxa3 11. f4 c5 12. Bd3 Nxe5 13. dxe5 Ng4 14. Ke2 d4 15.
exd4 cxd4 16. c5 Ne3 17. Qc1 Qxc1 18. Rhxc1 Nxg2 19. Kf3 Nh4+ 20. Kg3 Nf5+ 21.
Bxf5 exf5 22. Nc4 h5 23. Rd1 h4+ 24. Kf2 Ke7 25. Rxd4 Be6 26. Nd6 Rhd8 27. Rb4
Ra7 28. Ke3 f6 29. Rg1 fxe5 30. fxe5 Rg8 31. Rxh4 a5 32. Rh7 Kf8 33. Rg6 Bf7
34. Rf6 1-0

[Event "Olympiad"]
[Site "Dresden GER"]
[Date "2008.11.17"]
[Round "5"]
[White "Noritsyn, Nikolay"]
[Black "Al Qudaimi, B."]
[Result "0-1"]
[WhiteElo "2372"]
[BlackElo "2464"]
[PlyCount "82"]
[EventDate "2008.11.13"]
[EventType "team"]
[EventRounds "11"]
[EventCountry "GER"]
[Source "Mark Crowther"]
[SourceDate "2008.11.17"]

1. Nf3 d5 2. c4 c6 3. e3 Nf6 4. Nc3 a6 5. b3 Bg4 6. Be2 Nbd7 7. d4 b5 8. h3 Bh5
9. g4 Bg6 10. Ne5 b4 11. Na4 Nxe5 12. dxe5 Ne4 13. cxd5 cxd5 14. e6 Qd6 15. Qd4
fxe6 16. Bb2 h5 17. Rc1 hxg4 18. Bxg4 Bh5 19. Bxh5+ Rxh5 20. Nc5 Nxc5 21. Rxc5
a5 22. Rc1 e5 23. Qg4 g6 24. Rg1 Kf7 25. Rd1 e4 26. Rc1 Ra6 27. Qc8 Qe6 28. Qc5
Rxh3 29. Qb5 Rh5 30. Bd4 Bg7 31. Bxg7 Kxg7 32. Rc7 Kf7 33. Qb7 Rd6 34. Qb8 d4
35. Rc8 Kg7 36. Rf8 dxe3 37. Rf4 exf2+ 38. Rxf2 Qg8 39. Qa7 Qd8 40. Re2 Rd1+
41. Kf2 Qf8+ 0-1

[Event "Olympiad"]
[Site "Dresden GER"]
[Date "2008.11.23"]
[Round "10"]
[White "Noritsyn, Nikolay"]
[Black "Bravo, Will"]
[Result "1-0"]
[WhiteElo "2372"]
[BlackElo "2157"]
[PlyCount "67"]
[EventDate "2008.11.13"]
[EventType "team"]
[EventRounds "11"]
[EventCountry "GER"]
[Source "Mark Crowther"]
[SourceDate "2008.11.24"]

1. Nf3 Nf6 2. d4 g6 3. Nc3 d5 4. Bf4 Bg7 5. Qd2 Ne4 6. Nxe4 dxe4 7. Ne5 Nd7 8.
Nxd7 Qxd7 9. c3 O-O 10. Qe3 Qb5 11. Qd2 e5 12. e3 Qa5 13. dxe5 Be6 14. c4 Qa4
15. Qc3 Rad8 16. Be2 h6 17. O-O Rd7 18. b3 Qa3 19. Qc2 Rfd8 20. Qxe4 c6 21. Bg3
Bf5 22. Qh4 Qb2 23. Bg4 Rd2 24. Bxf5 gxf5 25. h3 Bxe5 26. Rab1 Qc3 27. Rfc1 Qa5
28. f4 Qxa2 29. fxe5 Rxg2+ 30. Kh1 Rdd2 31. Rg1 Kh7 32. Qf4 Qc2 33. Rbc1 Qb2
34. Qxf5+ 1-0

[Event "Olympiad"]
[Site "Dresden GER"]
[Date "2008.11.20"]
[Round "7"]
[White "Noritsyn, Nikolay"]
[Black "Celis, S."]
[Result "1-0"]
[WhiteElo "2372"]
[BlackElo "2009"]
[PlyCount "47"]
[EventDate "2008.11.13"]
[EventType "team"]
[EventRounds "11"]
[EventCountry "GER"]
[Source "Mark Crowther"]
[SourceDate "2008.11.24"]

1. Nf3 Nf6 2. d4 e6 3. g3 b6 4. Bg2 Bb7 5. O-O c5 6. c4 cxd4 7. Qxd4 d5 8. cxd5
Qxd5 9. Qa4+ Bc6 10. Qc2 Qc5 11. Nc3 Nd5 12. Bd2 Na6 13. Rac1 Rc8 14. Nxd5 Qxc2
15. Rxc2 exd5 16. Bh3 Rc7 17. Bf4 Nb4 18. Rcc1 Rb7 19. a3 Bb5 20. axb4 Be7 21.
Bc8 Rd7 22. Nd4 Bc4 23. Bxd7+ Kxd7 24. b3 1-0

[Event "Olympiad"]
[Site "Dresden GER"]
[Date "2008.11.13"]
[Round "1"]
[White "Noritsyn, Nikolay"]
[Black "Sandipan, C."]
[Result "1/2-1/2"]
[WhiteElo "2372"]
[BlackElo "2579"]
[PlyCount "31"]
[EventDate "2008.11.13"]
[EventType "team"]
[EventRounds "11"]
[EventCountry "GER"]
[Source "Mark Crowther"]
[SourceDate "2008.11.17"]

1. c4 c6 2. d4 d5 3. Nf3 Nf6 4. Nc3 dxc4 5. a4 Bf5 6. e3 e6 7. Bxc4 Bb4 8. O-O
Nbd7 9. Qb3 a5 10. Na2 Be7 11. Qxb7 Rb8 12. Qa6 Ra8 13. Qb7 Rb8 14. Qa6 Ra8 15.
Qb7 Rb8 16. Qa6 1/2-1/2

[Event "Olympiad"]
[Site "Dresden GER"]
[Date "2008.11.15"]
[Round "3"]
[White "Noritsyn, Nikolay"]
[Black "Wilson, Br"]
[Result "1-0"]
[WhiteElo "2372"]
[BlackElo "2112"]
[PlyCount "107"]
[EventDate "2008.11.13"]
[EventType "team"]
[EventRounds "11"]
[EventCountry "GER"]
[Source "Mark Crowther"]
[SourceDate "2008.11.17"]

1. c4 e6 2. Nf3 d5 3. g3 c6 4. Qc2 Bd6 5. Bg2 f5 6. O-O Nf6 7. d3 O-O 8. Nc3
Nbd7 9. b3 Ne5 10. Nh4 d4 11. Nd1 Nf7 12. c5 Bc7 13. Nf3 e5 14. e3 f4 15. exd4
exd4 16. Qc4 Kh8 17. gxf4 Nh5 18. Qxd4 Qxd4 19. Nxd4 Nxf4 20. Bxf4 Bxf4 21. Ne2
Bg5 22. Ne3 Bf6 23. Rad1 Ng5 24. d4 Bh3 25. Bxh3 Nxh3+ 26. Kg2 Ng5 27. d5 Ne4
28. dxc6 bxc6 29. Rc1 Rae8 30. Ng3 Nxf2 31. Rxf2 Rxe3 32. Rd1 Re5 33. Rd7 a5
34. Rf5 h6 35. Rxe5 Bxe5 36. Ra7 Bc3 37. Ne4 Bb4 38. Rc7 Re8 39. Kf3 Re6 40. h4
Kg8 41. Kf4 Rg6 42. a4 Rg1 43. Rxc6 Rh1 44. Kg4 Rg1+ 45. Kf5 Kf7 46. Rc7+ Ke8
47. Ra7 Kd8 48. Ke6 Rg6+ 49. Kd5 Kc8 50. Nd6+ Kb8 51. Rb7+ Ka8 52. Re7 Kb8 53.
Kc6 h5 54. Kb6 1-0

[Event "Olympiad"]
[Site "Dresden GER"]
[Date "2008.11.25"]
[Round "11"]
[White "Bluvshtein, Mark"]
[Black "Cuartas, Ja"]
[Result "0-1"]
[WhiteElo "2557"]
[BlackElo "2489"]
[PlyCount "104"]
[EventDate "2008.11.13"]
[EventType "team"]
[EventRounds "11"]
[EventCountry "GER"]
[Source "Mark Crowther"]
[SourceDate "2008.12.01"]

1. d4 d5 2. c4 c6 3. Nf3 Nf6 4. Nc3 e6 5. Bg5 Nbd7 6. cxd5 exd5 7. Qc2 Be7 8.
e3 Nh5 9. Bxe7 Qxe7 10. h3 Nhf6 11. Bd3 O-O 12. O-O-O Re8 13. g4 Nf8 14. Kb1
Be6 15. Nd2 Rad8 16. g5 Nh5 17. h4 g6 18. Rhg1 Ng7 19. Nf3 Nd7 20. Rde1 Qd6 21.
Ne2 c5 22. dxc5 Nxc5 23. Ng3 Nxd3 24. Qxd3 Bf5 25. Nxf5 Nxf5 26. Rg4 Rc8 27. h5
Rc5 28. a3 gxh5 29. Rf4 Ng7 30. Rf6 Re6 31. Qd4 b6 32. Rd1 Rxf6 33. gxf6 Ne8
34. Rg1+ Kf8 35. e4 Qf4 36. Ne5 Nxf6 37. Nd3 Qd2 38. Qxf6 Qxd3+ 39. Ka1 dxe4
40. Qh8+ Ke7 41. Qxh7 Qf3 42. Re1 Re5 43. Qh8 Rd5 44. Rc1 Qf5 45. Qa8 Qd7 46.
Qb8 Ke6 47. Qf4 Qa4 48. Qh6+ f6 49. Ka2 Rd1 50. Rc7 Qb5 51. Rc1 Qd5+ 52. Kb1
Qd2 0-1

[Event "Olympiad"]
[Site "Dresden GER"]
[Date "2008.11.21"]
[Round "8"]
[White "Bluvshtein, Mark"]
[Black "Harper, R."]
[Result "1-0"]
[WhiteElo "2557"]
[BlackElo "2233"]
[PlyCount "81"]
[EventDate "2008.11.13"]
[EventType "team"]
[EventRounds "11"]
[EventCountry "GER"]
[Source "Mark Crowther"]
[SourceDate "2008.11.24"]

1. d4 d5 2. c4 c6 3. Nf3 Nf6 4. Nc3 a6 5. a4 e6 6. g3 Nbd7 7. Bg2 Be7 8. O-O
O-O 9. a5 Bb4 10. Qa4 c5 11. cxd5 exd5 12. dxc5 Bxc3 13. bxc3 Nxc5 14. Qb4 Nce4
15. Be3 Bd7 16. Rfc1 Rc8 17. Nd4 Rc4 18. Qxb7 Bc8 19. Qb6 Nxc3 20. Bd2 Nce4 21.
Rxc4 dxc4 22. Bb4 Re8 23. Qxd8 Rxd8 24. Nc6 Re8 25. Rc1 Bd7 26. Rxc4 Ng5 27. h4
Ne6 28. Bd6 Kh8 29. Rb4 Rc8 30. Ne5 Bb5 31. Nxf7+ Kg8 32. Ng5 Nxg5 33. hxg5 Nd7
34. Bd5+ Kh8 35. e4 Nc5 36. e5 Nd3 37. Rb1 Nc1 38. e6 Ne2+ 39. Kg2 Rd8 40. e7
Rxd6 41. Rxb5 1-0

[Event "Olympiad"]
[Site "Dresden GER"]
[Date "2008.11.22"]
[Round "9"]
[White "Bluvshtein, Mark"]
[Black "Meier, Geo"]
[Result "0-1"]
[WhiteElo "2557"]
[BlackElo "2558"]
[PlyCount "118"]
[EventDate "2008.11.13"]
[EventType "team"]
[EventRounds "11"]
[EventCountry "GER"]
[Source "Mark Crowther"]
[SourceDate "2008.11.24"]

1. d4 e6 2. c4 Nf6 3. Nf3 d5 4. Nc3 Be7 5. Bf4 O-O 6. e3 c5 7. dxc5 Bxc5 8. a3
Nc6 9. cxd5 Nxd5 10. Nxd5 exd5 11. Bd3 Bb6 12. O-O Bg4 13. h3 Bh5 14. b4 d4 15.
b5 Na5 16. exd4 Qd5 17. Be2 Rad8 18. Rb1 Bxf3 19. Bxf3 Qxd4 20. Qxd4 Rxd4 21.
Be5 Rd3 22. Be4 Rd7 23. Bc3 Rfd8 24. Bb4 Nc4 25. a4 Nd2 26. Bxd2 Rxd2 27. Bxb7
Ra2 28. Rb4 g6 29. Rf4 Rdd2 30. Bc6 Kg7 31. h4 f5 32. h5 Kf6 33. hxg6 hxg6 34.
Rf3 Rxa4 35. g3 Rc4 36. Bb7 g5 37. Kg2 g4 38. Rf4 Rxf4 39. gxf4 Bc7 40. Re1
Bxf4 41. Kf1 Rc2 42. Re2 Rc1+ 43. Re1 Rc5 44. Bc6 Be5 45. Bd7 Rd5 46. Bc6 Rd6
47. Bb7 Rd4 48. Bc8 Rd5 49. Rb1 Bc7 50. Rb2 Kg5 51. Kg2 f4 52. f3 g3 53. Be6
Rc5 54. Rd2 Rxb5 55. Bc4 Rc5 56. Be2 Bb6 57. Rb2 Rc1 58. Bf1 Be3 59. Ra2 Rd1
0-1

[Event "Olympiad"]
[Site "Dresden GER"]
[Date "2008.11.16"]
[Round "4"]
[White "Bluvshtein, Mark"]
[Black "Rowson, J."]
[Result "0-1"]
[WhiteElo "2557"]
[BlackElo "2596"]
[PlyCount "44"]
[EventDate "2008.11.13"]
[EventType "team"]
[EventRounds "11"]
[EventCountry "GER"]
[Source "Mark Crowther"]
[SourceDate "2008.11.17"]

1. d4 Nf6 2. c4 e6 3. Nc3 Bb4 4. f3 O-O 5. a3 Bxc3+ 6. bxc3 Nh5 7. g3 f5 8. e4
d6 9. f4 Nf6 10. e5 Ne4 11. Ne2 b6 12. Bg2 Ba6 13. Qb3 Nc6 14. c5 d5 15. cxb6
cxb6 16. Qc2 Rc8 17. Bb2 Na5 18. Bxe4 dxe4 19. O-O Qd5 20. Bc1 e3 21. Bxe3 Bb7
22. Kf2 Qf3+ 0-1

[Event "Olympiad"]
[Site "Dresden GER"]
[Date "2008.11.14"]
[Round "2"]
[White "Bluvshtein, Mark"]
[Black "Zambrana, O."]
[Result "1/2-1/2"]
[WhiteElo "2557"]
[BlackElo "2478"]
[PlyCount "109"]
[EventDate "2008.11.13"]
[EventType "team"]
[EventRounds "11"]
[EventCountry "GER"]
[Source "Mark Crowther"]
[SourceDate "2008.11.17"]

1. d4 d5 2. c4 c6 3. Nf3 Nf6 4. Nc3 e6 5. e3 Nbd7 6. Qc2 Bd6 7. g4 h6 8. Rg1
dxc4 9. Bxc4 b5 10. Be2 Bb7 11. Bd2 Qe7 12. e4 b4 13. Na4 e5 14. O-O-O c5 15.
dxe5 Nxe5 16. Nxe5 Bxe5 17. Bb5+ Kf8 18. Qxc5 Bd6 19. Qe3 Qxe4 20. Qd3 Bxh2 21.
Rge1 Qxd3 22. Bxb4+ Kg8 23. Rxd3 Rc8+ 24. Rc3 Rb8 25. Bc5 Ne4 26. Rc4 Nxc5 27.
Rxc5 Bd6 28. Rc4 h5 29. Rd4 Bf8 30. gxh5 Rxh5 31. Nc3 Rf5 32. f4 Bc5 33. Ra4
Rd8 34. Kc2 g6 35. Bd3 Rh5 36. Be4 Rh2+ 37. Re2 Rxe2+ 38. Nxe2 Bc8 39. Ra5 Bb4
40. Rd5 Re8 41. Bd3 Be6 42. Rg5 Kg7 43. Nd4 Bxa2 44. b3 Rd8 45. Rxg6+ Kf8 46.
Ra6 Rxd4 47. Rxa2 a5 48. Ra1 Rxf4 49. Rf1 Rd4 50. Bc4 Rd2+ 51. Kc1 Rd7 52. Kc2
Rc7 53. Kd3 Bc5 54. Rf5 Bb4 55. Rf3 1/2-1/2

[Event "Olympiad"]
[Site "Dresden GER"]
[Date "2008.11.14"]
[Round "2"]
[White "Roussel-Roozmon, Thomas"]
[Black "Campero, R."]
[Result "1-0"]
[WhiteElo "2486"]
[BlackElo "2255"]
[PlyCount "67"]
[EventDate "2008.11.13"]
[EventType "team"]
[EventRounds "11"]
[EventCountry "GER"]
[Source "Mark Crowther"]
[SourceDate "2008.11.17"]

1. d4 d6 2. Nf3 Bg4 3. c4 Nd7 4. Nc3 Bxf3 5. exf3 g6 6. Be3 Bg7 7. Be2 c5 8. d5
h5 9. h4 Nh6 10. g4 Ne5 11. Rg1 Kf8 12. Bxh6 Rxh6 13. g5 Rh8 14. f4 Ng4 15. Qd3
Bd4 16. Rg2 Qa5 17. Kf1 Re8 18. Nb5 Bxb2 19. Rb1 Bg7 20. f3 Ne5 21. fxe5 Bxe5
22. f4 Bxf4 23. Rf2 Qd2 24. Nc7 Qxd3 25. Bxd3 Rc8 26. Rxf4 Rxc7 27. Bxg6 Kg7
28. Bxf7 Rf8 29. g6 b6 30. Ke2 Rb7 31. Rf5 Rh8 32. Be6 Rf8 33. Rf7+ Rxf7 34.
gxf7 1-0

[Event "Olympiad"]
[Site "Dresden GER"]
[Date "2008.11.19"]
[Round "6"]
[White "Roussel-Roozmon, Thomas"]
[Black "Mohsen, A."]
[Result "1-0"]
[WhiteElo "2486"]
[BlackElo "2221"]
[PlyCount "57"]
[EventDate "2008.11.13"]
[EventType "team"]
[EventRounds "11"]
[EventCountry "GER"]
[Source "Mark Crowther"]
[SourceDate "2008.11.24"]

1. Nf3 f5 2. d3 d5 3. c4 c6 4. Qc2 e6 5. g3 Bd6 6. Bg2 Nf6 7. O-O O-O 8. Nc3
Qe7 9. e4 dxe4 10. dxe4 e5 11. exf5 Qf7 12. b3 h6 13. Nh4 Nbd7 14. Bb2 Re8 15.
Rad1 Bc5 16. h3 Nf8 17. Rfe1 Bd4 18. Nf3 c5 19. Nb5 Bxf5 20. Qxf5 Bxb2 21. Qc2
Bd4 22. Nd6 Qc7 23. Nxe8 Rxe8 24. Nxd4 cxd4 25. Qf5 Qf7 26. Rxe5 g6 27. Qf4 Ne6
28. Qxh6 Rf8 29. Rxe6 1-0

[Event "Olympiad"]
[Site "Dresden GER"]
[Date "2008.11.21"]
[Round "8"]
[White "Roussel-Roozmon, Thomas"]
[Black "Singh, Rav"]
[Result "1-0"]
[WhiteElo "2486"]
[BlackElo "2084"]
[PlyCount "79"]
[EventDate "2008.11.13"]
[EventType "team"]
[EventRounds "11"]
[EventCountry "GER"]
[Source "Mark Crowther"]
[SourceDate "2008.11.24"]

1. d4 Nf6 2. c4 g6 3. Nc3 Bg7 4. e4 d6 5. f3 O-O 6. Be3 c6 7. Bd3 e5 8. d5 c5
9. Nge2 Ne8 10. O-O b6 11. a3 Kh8 12. Qd2 Nd7 13. Kh1 f5 14. exf5 gxf5 15. f4
e4 16. Bc2 Ndf6 17. h3 Rg8 18. b4 Bf8 19. Ba4 Bd7 20. Bc6 Bxc6 21. dxc6 Nc7 22.
Bf2 Nfe8 23. Rfd1 Qf6 24. Ng3 Qg6 25. Rg1 Nf6 26. Nf1 d5 27. Nxd5 Nfxd5 28.
cxd5 Rd8 29. Ne3 Bg7 30. Bh4 Bd4 31. bxc5 bxc5 32. Bxd8 Rxd8 33. Qa5 Bxe3 34.
Qxc7 Re8 35. Rab1 Bxg1 36. Kxg1 e3 37. Rb8 Rxb8 38. Qxb8+ Kg7 39. Qe5+ Kf8 40.
c7 1-0

[Event "Olympiad"]
[Site "Dresden GER"]
[Date "2008.11.14"]
[Round "2"]
[White "Cueto, Jo"]
[Black "Zugic, Igor"]
[Result "0-1"]
[WhiteElo "2320"]
[BlackElo "2457"]
[PlyCount "50"]
[EventDate "2008.11.13"]
[EventType "team"]
[EventRounds "11"]
[EventCountry "GER"]
[Source "Mark Crowther"]
[SourceDate "2008.11.17"]

1. d4 Nf6 2. Bf4 e6 3. e3 c5 4. c3 cxd4 5. exd4 Be7 6. Nd2 O-O 7. Bd3 d6 8.
Ngf3 b6 9. Qe2 Bb7 10. O-O Nbd7 11. Rfe1 Re8 12. Rad1 a6 13. Ne4 Nxe4 14. Bxe4
Bxe4 15. Qxe4 b5 16. Nd2 Nb6 17. Qf3 Rc8 18. Qb7 Nd5 19. Bg3 Qa5 20. Nb3 Qxa2
21. Nc1 Qa4 22. Nd3 Rc7 23. Qxd5 exd5 24. Bxd6 Rcc8 25. Nc5 Qc2 0-1

[Event "Olympiad"]
[Site "Dresden GER"]
[Date "2008.11.13"]
[Round "1"]
[White "Geetha Narayanan, G."]
[Black "Zugic, Igor"]
[Result "1/2-1/2"]
[WhiteElo "2548"]
[BlackElo "2457"]
[PlyCount "115"]
[EventDate "2008.11.13"]
[EventType "team"]
[EventRounds "11"]
[EventCountry "GER"]
[Source "Mark Crowther"]
[SourceDate "2008.11.17"]

1. e4 e6 2. d4 d5 3. Nd2 c5 4. Ngf3 Nc6 5. exd5 exd5 6. Bb5 Bd6 7. O-O Nge7 8.
dxc5 Bxc5 9. Nb3 Bd6 10. Re1 O-O 11. Bd3 h6 12. h3 Nf5 13. c3 Qf6 14. Bc2 Rd8
15. Qd3 g6 16. Bd2 Bf8 17. Be3 Nxe3 18. Qxe3 Bd7 19. Nbd4 Bg7 20. Bb3 Be8 21.
Rad1 Na5 22. Nc2 Nxb3 23. axb3 a5 24. Qd3 Qb6 25. Nfd4 Bc6 26. b4 axb4 27. Nxb4
Bf8 28. Qd2 Re8 29. Nd3 Bg7 30. Qf4 Re4 31. Rxe4 dxe4 32. Nxc6 Qxc6 33. Nb4 Qe6
34. Nd5 Rd8 35. c4 Rc8 36. b3 Kh7 37. Qe3 f5 38. Qa7 Qa6 39. Qxa6 bxa6 40. Nf4
Rc7 41. Ne6 Rc6 42. Nd8 Rb6 43. Rd7 Kg8 44. c5 Rxb3 45. c6 Rb1+ 46. Kh2 Be5+
47. g3 e3 48. fxe3 Rb2+ 49. Kg1 Rc2 50. g4 fxg4 51. hxg4 a5 52. Ra7 h5 53. gxh5
gxh5 54. Nf7 Bh2+ 55. Kh1 h4 56. Nh6+ Kf8 57. Rxa5 Bc7 58. Ra1 1/2-1/2

[Event "Olympiad"]
[Site "Dresden GER"]
[Date "2008.11.19"]
[Round "6"]
[White "Hussein, NA."]
[Black "Zugic, Igor"]
[Result "1-0"]
[WhiteElo "2338"]
[BlackElo "2457"]
[PlyCount "53"]
[EventDate "2008.11.13"]
[EventType "team"]
[EventRounds "11"]
[EventCountry "GER"]
[Source "Mark Crowther"]
[SourceDate "2008.11.24"]

1. e4 c5 2. Nf3 d6 3. Bc4 Nf6 4. d3 Nc6 5. O-O e6 6. Re1 Be7 7. c3 d5 8. Bb3
O-O 9. Nbd2 b6 10. a3 a5 11. e5 Nd7 12. d4 Ba6 13. Nf1 b5 14. Bc2 c4 15. h4 h6
16. N1h2 Bxh4 17. Bb1 Re8 18. Nxh4 Qxh4 19. Re3 Nf8 20. Rh3 Qd8 21. Bxh6 gxh6
22. Ng4 Kg7 23. Nxh6 Ng6 24. Nxf7 Kxf7 25. Bxg6+ Kg7 26. Rh7+ Kg8 27. Qg4 1-0

[Event "Olympiad"]
[Site "Dresden GER"]
[Date "2008.11.21"]
[Round "8"]
[White "Merritt, M."]
[Black "Zugic, Igor"]
[Result "1/2-1/2"]
[WhiteElo "2123"]
[BlackElo "2457"]
[PlyCount "148"]
[EventDate "2008.11.13"]
[EventType "team"]
[EventRounds "11"]
[EventCountry "GER"]
[Source "Mark Crowther"]
[SourceDate "2008.11.24"]

1. c4 e5 2. Nc3 d6 3. Nf3 f5 4. d4 e4 5. Bg5 Be7 6. Bxe7 Qxe7 7. Nd5 Qd8 8. Nd2
c6 9. Nc3 e3 10. fxe3 Nh6 11. Nf3 Qe7 12. Qd3 O-O 13. e4 fxe4 14. Qxe4 Qf7 15.
Qd3 Bg4 16. O-O-O Na6 17. Ng5 Qf4+ 18. Qd2 Qf6 19. h3 Bd7 20. g4 Nf7 21. Nxf7
Qxf7 22. e4 b5 23. cxb5 cxb5 24. Kb1 Nc7 25. Rc1 Rab8 26. Be2 Qe7 27. Qe3 Bc6
28. Bd3 Kh8 29. Rhf1 Rfe8 30. Rf5 b4 31. Nd1 Bb5 32. Qe2 a6 33. Nf2 g6 34. Rf3
Ne6 35. Qe3 Qa7 36. d5 Nc5 37. Bc2 a5 38. g5 Qg7 39. Ng4 a4 40. Nh6 Rf8 41.
Rxf8+ Rxf8 42. e5 Qxe5 43. Qxe5+ dxe5 44. Bf5 gxf5 45. Rxc5 Bd3+ 46. Kc1 Kg7
47. d6 f4 48. Rxe5 f3 49. Ng4 Bf5 50. Nf2 Kg6 51. h4 Rd8 52. Rd5 Be6 53. Rd4
Bxa2 54. Kd2 a3 55. bxa3 bxa3 56. Ra4 Rxd6+ 57. Ke3 Bd5 58. Rxa3 Rb6 59. Ra5
Bb7 60. Kf4 Rb4+ 61. Kg3 Rb1 62. Nh3 Rb2 63. Nf4+ Kf7 64. Rf5+ Ke7 65. Rf6 f2
66. Nh3 Rb3+ 67. Kh2 Rf3 68. Rxf3 Bxf3 69. Nxf2 Kf7 70. Kg3 Be2 71. Nh3 Kg7 72.
Nf4 Bd1 73. h5 h6 74. Ne6+ Kg8 1/2-1/2

[Event "Olympiad"]
[Site "Dresden GER"]
[Date "2008.11.16"]
[Round "4"]
[White "Arakhamia, K."]
[Black "Roussel-Roozmon, Thomas"]
[Result "1-0"]
[WhiteElo "2448"]
[BlackElo "2486"]
[PlyCount "99"]
[EventDate "2008.11.13"]
[EventType "team"]
[EventRounds "11"]
[EventCountry "GER"]
[Source "Mark Crowther"]
[SourceDate "2008.11.17"]

1. e4 e5 2. Nf3 Nc6 3. Bb5 a6 4. Ba4 Nf6 5. d3 d6 6. c3 g6 7. Bg5 Bg7 8. Nbd2
h6 9. Bh4 O-O 10. Nf1 Bd7 11. Ne3 Qe8 12. O-O Rc8 13. Re1 Kh8 14. Bc2 Nh5 15.
d4 f5 16. exf5 gxf5 17. dxe5 dxe5 18. Qd2 e4 19. Rad1 Be6 20. Nd4 Nxd4 21. cxd4
Qg6 22. d5 Bd7 23. d6 cxd6 24. Nd5 Qg4 25. Ne7 Rxc2 26. Qxc2 Be5 27. Bg3 Nxg3
28. hxg3 Qg7 29. Nd5 Rc8 30. Qd2 Be6 31. Rc1 Rc6 32. Rxc6 bxc6 33. Nb4 c5 34.
Nc6 Bd4 35. Rd1 Bxa2 36. Nxd4 cxd4 37. Qxd4 Qxd4 38. Rxd4 d5 39. Kf1 Bc4+ 40.
Ke1 Kg7 41. Kd2 Kf6 42. Kc3 Ke5 43. Rd1 Be2 44. Rh1 h5 45. Kd2 Bg4 46. Ra1 h4
47. gxh4 f4 48. Rxa6 d4 49. Ra5+ Ke6 50. h5 1-0

[Event "Olympiad"]
[Site "Dresden GER"]
[Date "2008.11.25"]
[Round "11"]
[White "Clavijo, J."]
[Black "Roussel-Roozmon, Thomas"]
[Result "0-1"]
[WhiteElo "2358"]
[BlackElo "2486"]
[PlyCount "84"]
[EventDate "2008.11.13"]
[EventType "team"]
[EventRounds "11"]
[EventCountry "GER"]
[Source "Mark Crowther"]
[SourceDate "2008.12.01"]

1. d4 Nf6 2. Nf3 e6 3. g3 b5 4. Bg2 Bb7 5. O-O c5 6. Na3 Qb6 7. c4 b4 8. Nc2
Be7 9. b3 O-O 10. Bb2 cxd4 11. Bxd4 Qc7 12. Be5 d6 13. Bb2 Na6 14. Qd4 Rfd8 15.
Ne3 Nc5 16. Ng4 a5 17. Nd2 Bxg2 18. Kxg2 a4 19. Qf4 e5 20. Nxf6+ Bxf6 21. Qf5
a3 22. Bc1 e4 23. Rb1 Re8 24. f4 exf3+ 25. exf3 Re5 26. Qc2 Re2+ 27. Rf2 Rae8
28. Qf5 Bd4 29. Rxe2 Rxe2+ 30. Kh3 g6 31. Qd5 Be5 32. Nf1 Rxa2 33. Bh6 Qc8+ 34.
g4 Re2 35. Ng3 a2 36. Rd1 Rb2 37. f4 Rb1 38. fxe5 a1=Q 39. Rd4 Ne6 40. Re4 Rd1
41. Qb5 dxe5 42. Rxe5 Qd7 0-1